Normal view
MARC view
Entry Personal Name
001 - CONTROL NUMBER
- control field: 22715
003 - CONTROL NUMBER IDENTIFIER
- control field: OSt
005 - DATE AND TIME OF LATEST TRANSACTION
- control field: 20211105134659.0
008 - FIXED-LENGTH DATA ELEMENTS
- fixed length control field: 211105|| aca||aabn | a|a d
040 ## - CATALOGING SOURCE
- Original cataloging agency: OSt
- Transcribing agency: OSt
100 ## - HEADING--PERSONAL NAME
- Personal name: Costa, Luiz Nicolaci da, ed
670 ## - SOURCE DATA FOUND
- Source citation: Work cat.: (OSt): European Southern Observatory Workshop Germany 1996 Nov. 18-20 22714, Galaxy scaling relations-origins, evolution and applications, 1997